España en la política internacional (Record no. 60256)
[ view plain ]
| 000 -LEADER | |
|---|---|
| campo de control de longitud fija | 00786nam a2200205 i 4500 |
| 001 - NÚMERO DE CONTROL | |
| campo de control | 60256 |
| 003 - IDENTIFICADOR DE NÚMERO DE CONTROL | |
| campo de control | ES-MaACL |
| 005 - FECHA Y HORA DE LA ÚLTIMA TRANSACCIÓN | |
| campo de control | 20240509155846.0 |
| 007 - CAMPO FIJO DE DESCRIPCIÓN FÍSICA--INFORMACIÓN GENERAL | |
| campo de control de longitud fija | t| |
| 008 - DATOS DE LONGITUD FIJA--INFORMACIÓN GENERAL | |
| campo de control de longitud fija | 031104s1926 sp ||||1| spa d |
| 100 1# - ENTRADA PRINCIPAL--NOMBRE DE PERSONA | |
| Nombre de persona | Suquía, Federico. |
| 9 (RLIN) | 156777 |
| 245 10 - MENCIÓN DEL TÍTULO | |
| Título | España en la política internacional |
| Resto del título | : [algunos rasgos para la semblanza de D. Antonio Maura] / un español neutral [seud.] ; prólogo de Gabriel Maura Gamazo, Conde de la Mortera. |
| 260 ## - PUBLICACIÓN, DISTRIBUCIÓN, ETC. | |
| Lugar de publicación, distribución, etc. | Madrid : |
| Nombre del editor, distribuidor, etc. | Voluntad, |
| Fecha de publicación, distribución, etc. | 1926. |
| 300 ## - DESCRIPCIÓN FÍSICA | |
| Extensión | 248 p. ; |
| Dimensiones | 19 cm. |
| 600 14 - PUNTO DE ACCESO ADICIONAL DE MATERIA--NOMBRE DE PERSONA | |
| Nombre de persona | Maura y Montaner, Antonio, |
| Fechas asociadas al nombre | 1853-1925 |
| 9 (RLIN) | 79224 |
| 651 #4 - PUNTO DE ACCESO ADICIONAL DE MATERIA--NOMBRE GEOGRÁFICO | |
| Nombre geográfico | España- |
| Subdivisión general | Política exterior- |
| Subdivisión cronológica | 1902-1931. |
| 9 (RLIN) | 8422 |
| 700 1# - ENTRADA AGREGADA--NOMBRE PERSONAL | |
| Nombre de persona | Maura Gamazo, Gabriel, |
| Títulos y otros términos asociados al nombre | Duque de Maura, |
| Fechas asociadas al nombre | 1879-1963 |
| 9 (RLIN) | 79221 |
| 852 ## - LOCALIZACIÓN | |
| Ubicación | ES-MaACL |
| Número de control de estantería | F-5335 |
| Estatus retirado | Estado de pérdida | Estado de daño | No para préstamo | Biblioteca de origen | Biblioteca actual | Ubicación en estantería | Fecha de adquisición | Fuente de adquisición | Total de préstamos | Signatura topográfica completa | Código de barras | Visto por última vez | Precio de reemplazo | Tipo de ítem Koha |
|---|---|---|---|---|---|---|---|---|---|---|---|---|---|---|
| Biblioteca del Ateneo de Madrid | Biblioteca del Ateneo de Madrid | Depósito 2 | 17/01/2008 | F-5335 | 1063201 | 23/02/2023 | 23/02/2023 | Libro impreso |
